000 03074cam a22003134a 4500
001 16281346
005 20130529122519.0
008 100609s2011 paua b 001 0 eng
020 _a9780781796002 (pbk.)
020 _a0781796008 (pbk.)
082 0 0 _a610.73072
_222
_bSPE
100 1 _aSpeziale, Helen Streubert.
_933280
245 1 0 _aQualitative research in nursing :
_badvancing the humanistic imperative /
_cHelen J. Streubert, Dona Rinaldi Carpenter.
250 _a5th ed.
260 _aPhiladelphia :
_bWolters Kluwer Health/Lippincott Williams & Wilkins,
_cc2011.
300 _axxiv, 470 p. :
_bill. ;
_c23 cm.
504 _aIncludes bibliographical references and index.
505 8 _a(Publisher-supplied data) Philosophy and Theory: Foundations of Qualitative Research / Helen J. Streubert Speziale -- The Conduct of Qualitative Research: Common Essential Elements / Helen J. Streubert Speziale -- Designing Data Generation and Management Strategies / Helen J. Streubert Speziale -- Ethical Considerations in Qualitative Research / Dona Rinaldi Carpenter -- Phenomenology as Method / Dona Rinaldi Carpenter -- Phenomenology in Practice, Education, and Administration / Dona Rinaldi Carpenter -- Grounded Theory as Method / Dona Rinaldi Carpenter -- Grounded Theory in Practice, Education, and Administration / Dona Rinaldi Carpenter -- Ethnography as Method / Helen J. Streubert Speziale -- Ethnography in Practice, Education, and Administration / Helen J. Streubert Speziale -- Historical Research Method / Sandra B. Lewenson -- Historical Research in Practice, Education, and Administration / Sandra B. Lewenson -- Action Research Method / Helen J. Streubert Speziale -- Education and Administration Action / Helen J. Streubert Speziale -- Triangulation as a Qualitative Research Strategy / Dona Rinaldi Carpenter -- Writing a Qualitative Research Proposal / Dona Rinaldi Carpenter -- A Practical Guide for Sharing Qualitative Research Results / Helen J. Streubert Speziale.
520 _a"Qualitative Research in Nursing is a user-friendly text that systematically provides a sound foundation for understanding a wide range of qualitative research methodologies, including triangulation. It approaches nursing education, administration, and practice and gives step-by-step details to instruct students on how to implement each approach. Features include emphasis on ethical considerations and methodological triangulation, instrument development and software usage; critiquing guidelines and questions to ask when evaluating aspects of published research; and tables of published research that offer resources for further reading"--Provided by publisher.
650 0 _aNursing
_xResearch
_xMethodology.
_928914
650 0 _aQualitative research
_xMethodology.
_933281
650 1 2 _aNursing Research
_xmethods.
_933282
650 2 2 _aQualitative Research.
_933283
650 2 2 _aQuality Assurance, Health Care.
_933284
650 2 2 _aResearch Design.
_933285
653 _bNUR
_cMay2013
700 1 _aCarpenter, Dona Rinaldi.
_933286
942 _2ddc
_cNRB
999 _c17485
_d17457